00413nam a2200157Ia 45000010006000000050017000060080041000230410008000640820017000721000036000892450072001252600009001973000033002066500008002396540008002471560720260306170208.0260306t1996||||xx |||||||||||||| ||und|| aESP a551.021bS19 aSamper Calvete, F. Javier,eAUT 0aGeoestadística :baplicaciones a la hidrogeología subterránea c1996 axix, 484 páginas :c24 cm. aGEN aCIC